National Assembly Library of Thailand

ธรรมลีลา (ระเบียนเลขที่ 91913)

รายละเอียดในรูปแบบ MARC
000 -LEADER
fixed length control field 00851nas a22002057a 4500
003 - CONTROL NUMBER IDENTIFIER
control field NALT
005 - DATE AND TIME OF LATEST TRANSACTION
control field 20211126142454.0
008 - FIXED-LENGTH DATA ELEMENTS--GENERAL INFORMATION
fixed length control field 170828b th ||||| |||| 00| 0 tha d
022 ## - INTERNATIONAL STANDARD SERIAL NUMBER
International Standard Serial Number 16865804
040 ## - CATALOGING SOURCE
Original cataloging agency NALT
041 0# - LANGUAGE CODE
Language code of text/sound track or separate title tha
245 10 - TITLE STATEMENT
Title ธรรมลีลา
260 3# - PUBLICATION, DISTRIBUTION, ETC.
Place of publication, distribution, etc. กรุงเทพฯ :
Name of publisher, distributor, etc. มูลนิธิธรรมอิสระ วัดอ้อน้อย (ธรรมอิสระ)
310 ## - CURRENT PUBLICATION FREQUENCY
Current publication frequency รายเดือน
500 ## - GENERAL NOTE
General note หยุดผลิตและปิดตัวลงหลังเดือนกุมภาพันธ์ 2563
850 ## - HOLDING INSTITUTION
Holding institution NALT
866 31 - TEXTUAL HOLDINGS--BASIC BIBLIOGRAPHIC UNIT
Textual string ปีที่ 19 ฉบับที่ 217-228 (ม.ค.-ธ.ค. 2562), ปีที่ 20 ฉบับที่ 229-230 (ม.ค.-ก.พ. 2563)
942 ## - ADDED ENTRY ELEMENTS (KOHA)
Koha item type Journal/Magazine
Koha issues (borrowed), all copies 3
Source of classification or shelving scheme Library of Congress Classification
998 ## - STAFF NAME (NALT)
-- 755
-- จินตนา เอี่ยมคง
รายการที่มีในห้องสมุด
Withdrawn status Lost status Source of classification or shelving scheme Damaged status Not for loan Collection code Home library Current library Shelving location Date acquired Source of acquisition Serial Enumeration / chronology Total Checkouts Barcode Date last seen Uniform Resource Identifier Price effective from Koha item type
    Library of Congress Classification     Journals & Periodicals collection National Assembly Library of Thailand National Assembly Library of Thailand Journal & Magazine shelves 09/01/2020 จัดซื้อ ปีที่ 20 ฉบับที่ 229 (ม.ค. 2563)   2900032141 09/01/2020 https://search-library.parliament.go.th/files/cover/Cover-journal/Tamalela/Tama_v20n229.jpg 09/01/2020 Journal/Magazine
    Library of Congress Classification     Journals & Periodicals collection National Assembly Library of Thailand National Assembly Library of Thailand Journal & Magazine shelves 12/02/2020   ปีที่ 20 ฉบับที่ 230 (ก.พ. 2563)   2900032221 12/02/2020 https://search-library.parliament.go.th/files/cover/Cover-journal/Tamalela/Tama_v20n230.jpg 12/02/2020 Journal/Magazine
หอสมุดรัฐสภา
สำนักงานเลขาธิการสภาผู้แทนราษฎร เลขที่ 1111 ถนนสามเสน แขวงถนนนครไชยศรี เขตดุสิต กรุงเทพฯ 10300
The Secretariat of the House of Representatives 1111 Samsen Road, Thanon Nakhon Chai Si, Dusit, Bangkok 10300, THAILAND
โทรศัพท์: +66(0) 2242 5900 ต่อ 5714-5 โทรสาร: +66(0) 2242 5990 อีเมล: [email protected]